[Event "Corus"]
[Site "Wijk aan Zee"]
[Date "2006.01.15"]
[Round "2"]
[White "Kamsky, Gata"]
[Black "Gelfand, Boris"]
[Result "1-0"]
[WhiteElo "2686"]
[BlackElo "2723"]
[Annotator "Huebner,R"]
[PlyCount "81"]
[EventDate "2006.01.14"]
[EventType "tourn"]
[EventRounds "13"]
[EventCountry "NED"]
[EventCategory "19"]
[SourceTitle "CBM 111"]
[Source "ChessBase"]
[SourceDate "2006.04.04"]
[SourceVersion "1"]
[SourceVersionDate "2006.04.04"]
[SourceQuality "1"]

1. d4 d5 2. c4 c6 3. Nc3 Nf6 4. Nf3 dxc4 5. a4 Bf5 6. Ne5 Nbd7 7. Nxc4 Qc7 8.
g3 e5 9. dxe5 Nxe5 10. Bf4 Nfd7 11. Qc1 g6 12. Bg2 Bg7 13. O-O O-O 14. a5 {
Dies ist sinnvoller als die in der Vorgängerpartie gewählte Fortsetzung:} (14.
Rd1 Be6 15. Ne4 $6 Bxc4 16. Qxc4 Nxc4 17. Bxc7 Ndb6 18. a5 Nd5 19. Bf4 $2 (19.
Nd6 Nxb2 20. Rxd5 cxd5 21. Bxd5 $11) 19... Nxb2 $19 {0-1 Shchekachev,A-Shirov,
A/France 2004/CBM 098 ext (53). (53)}) 14... Be6 (14... a6 {kommt in Betracht.}
) 15. Nxe5 Nxe5 16. a6 bxa6 {Schwarz braucht den Damenturm des Weißen nicht
nach a6 zu lassen. Genauer ist vielleicht} (16... Bc4 17. axb7 Qxb7 $11 {
aber auch der Textzug ist nicht ruinös.}) 17. Rxa6 Rab8 $2 ({Die Fortsetzung} 
17... Qb7 18. Qa1 Rfc8 {sollte dem Schwarzen eine haltbare Stellung geben.})
18. Qa1 ({Unangenehm für Schwarz ist auch} 18. Rxc6 Qa5 19. Rd6 (19. Bxe5 Bxe5
{ist meines Erachtens kaum gewinnträchtig für Weiß.}) 19... Rb4 (19... Nc4 20.
Rxe6 fxe6 21. Bxb8 Rxb8 22. Qf4 {sieht sehr ungünstig für Schwarz aus.}) 20.
Bd2 {, doch der Textzug ist noch stärker.}) 18... Qb7 19. Ra5 Nc4 (19... f6 20.
Rb1 Rf7 (20... Ra8 21. b4 {ist auch kein Honiglecken für Schwarz.}) 21. Rb5 Qc8
22. Rxb8 Qxb8 23. Bxc6 g5 24. Bxe5 {wird Schwarz auch nicht überleben.}) 20.
Rxa7 Qxb2 21. Bxb8 Qxb8 22. Rb1 Qe5 23. Rc1 Nd2 24. Rc2 Nb3 25. Qa3 Qb8 26.
Bxc6 Bxc3 27. Rxc3 Nd4 28. Ra8 (28. Kf1 {ist schwächer:} Bh3+ 29. Ke1 (29. Bg2
Qb1+ 30. Rc1 Qe4 {ist fatal für Weiß.}) 29... Qe5 30. Re7 Be6 31. e3 Nxc6 32.
Rxc6 Qd5 {, und Weiß hat nichts als Verdruß.}) 28... Nxe2+ 29. Kg2 Qxa8 30.
Bxa8 Nxc3 {Schwarz kann wohl nicht überleben, weil die schwarzen Felder am
Königsflügel geschwächt sind und weil außerdem sein Springer keinen sicheren
Ankerplatz findet.} 31. Qa5 {Weiß verhindert 31...Sd5 und 31...Ld5+.} Nb5 32.
f3 Nd6 $6 (32... h5 33. Be4 Nd4 (33... Nd6 34. Bxg6 fxg6 35. Qe5 {dürfte
Schwarz nicht überleben; seine schwarzfeldrigen Schwächen werden sich
schließlich als fatal erweisen.}) 34. Qe5 Nf5 {mußte unbedingt versucht werden.
}) 33. g4 Rc8 34. Kg3 Nc4 35. Qa1 Rd8 36. h4 Ne3 {Dies beschleunigt den
Verlust, doch glaube ich nicht, daß Schwarz nach} (36... h6 37. Be4 Rd6 38. Qc3
{wird überleben können.}) 37. Be4 Nd5 38. Qe5 h6 39. Bxg6 Rd7 40. Be4 Ne7 41.
Qf6 1-0

[Event "Corus"]
[Site "Wijk aan Zee"]
[Date "2006.01.16"]
[Round "3"]
[White "Karjakin, Sergey"]
[Black "Kamsky, Gata"]
[Result "1-0"]
[WhiteElo "2660"]
[BlackElo "2686"]
[Annotator "Kritz,L"]
[PlyCount "64"]
[EventDate "2006.01.14"]
[EventType "tourn"]
[EventRounds "13"]
[EventCountry "NED"]
[EventCategory "19"]
[SourceTitle "CBM 111"]
[Source "ChessBase"]
[SourceDate "2006.04.04"]
[SourceVersion "1"]
[SourceVersionDate "2006.04.04"]
[SourceQuality "1"]

1. e4 c5 2. Nf3 e6 3. d4 cxd4 4. Nxd4 a6 {Das ist eine der ganz populären
Varianten, so spielen heutzutage viele Spitzenspieler.} 5. Bd3 (5. Nc3 b5 (5...
Nc6 6. Nxc6 bxc6 7. Bd3) (5... Qc7 6. Bd3) 6. Bd3 {sind die anderen
Hauptvarianten}) 5... Nf6 (5... Bc5 {Dieser Zug wird öfters gespielt und führt
zu sehr komplizierten Igel Stellungen, die beiden Seiten gute Chansen anbieten.
} 6. Nb3 Be7 (6... Ba7 7. Qe2 Nc6 8. Nc3 d6 9. O-O $14) 7. Qg4 g6 (7... Nf6 8.
Qxg7 Rg8 9. Qh6 Rxg2 10. Qh3 Rg8 11. Nc3 $14 {/\Le3/Lf4 - 0-0-0}) 8. Qe2 d6 9.
Nc3 (9. c4 $5 Qc7 10. Nc3 b6 $132) 9... Nd7 10. O-O Qc7 11. Bd2 Ngf6 12. f4 b6
13. Rae1 Bb7 $132) 6. O-O d6 $6 {Dieser Zug kommt mir ungenau vor. Danach
erhält Weiß eine angenehme Igelstellung. Besser ist 6....Qc7.} (6... Qc7 7. Qe2
(7. c4 $6 Nc6 8. Nxc6 (8. Be3 Nxd4 9. Bxd4 Bc5 10. Bxc5 (10. Bxf6 $2 gxf6 11.
Qg4 Kf8 $1 12. Nc3 Qe5 $15 {Schwarz hat nichts zu befürchten, sein König ist
auf f8 sicher und der schwarzfeldrige Läufer geniesst volle Freiheit, die Weiß
nicht kompensieren kann.}) 10... Qxc5 11. Nc3 d6 12. Kh1 e5 13. f4 exf4 14.
Rxf4 Qe5 15. Qd2 Be6 $11 {Eine ganz typische Situation ist entstanden: Weiß
verfügt über etwas mehr Raum, dafür steht Schwarz auf den schwarzen Feldern
sehr sicher - diese beiden Faktoren gleichen sich aus.}) 8... dxc6 9. Be3 $1 {
Die g1-a7 Diagonale ist sehr wichtig, Weiß muss die Kontrolle über sie und
über das geschwächte Feld d4 ergreifen.} (9. f4 $2 {wäre fehlerhaft} e5 10. f5
(10. Be3 exf4 11. Bxf4 (11. Rxf4 $2 Bc5 12. Qf3 (12. Bxc5 Qxf4 13. Nc3 Qe5 14.
Bf2 Ng4 $19) 12... Bxe3+ 13. Qxe3 Ng4 14. Qd2 g5 $1 $19) 11... Qb6+ 12. Kh1
Qxb2 13. Nd2 Bg4 $17) (10. fxe5 Qxe5 11. Nc3 (11. Bf4 Qxb2 $19) 11... Ng4 12.
g3 (12. Bf4 Qc5+ 13. Kh1 Nf2+ 14. Rxf2 Qxf2 $19) 12... Be6 13. Bf4 Qd4+ 14. Kg2
O-O-O $19) 10... Bc5+ 11. Kh1 h5 $1 {Bereitet den typischen Zug Sg4 vor. Der
Springer ist von dort nicht zu vertreiben, denn nach h3 kann Weiß nicht hg
spielen, da sein König sich im Mattnetz befinden wird. Der Turm h8 spielt hier
eine sehr wichtige Rolle.} 12. Nc3 Ng4 $15) 9... e5 10. h3 (10. f3 Be6 (10...
Nh5 11. Nc3 Nf4 12. Na4 Be6 13. Bb6 (13. Nb6 Rd8 $15) 13... Qd7 14. Bc2 Qxd1 (
14... Bd6 15. Nc5 $14) 15. Rfxd1 Bxc4 16. Nc5 $44) 11. Nc3 Rd8 12. Qe2 Nh5 $15)
10... Be6 11. Nc3 Rd8 12. Qe2 Nd7 $11) (7. f4 $6 Bc5 8. c3 {Wenn man schon
solch einen Zug machen muss, kann die Stellung nicht gut sein.} d6 $132) 7...
d6 (7... Nc6 8. Nxc6 dxc6 9. e5 Nd5 10. a3 $1 (10. c4 Nb4 11. Be4 c5 12. Nc3
Nc6 13. Be3 Bd7 $132) 10... b5 11. b3 Be7 12. c4 Nb6 13. Nc3 $14) 8. f4 $5 (8.
c4 Nc6 (8... g6 9. Nc3 Bg7 10. Nf3 $1 O-O 11. Bf4 $14 {/\Tfd1-Tac1-Lb1 xd6} (
11. h3 Nc6 12. Bf4 $14) (11. Bf4 Nh5 12. Be3 Nc6 $11)) 9. Nxc6 {kann Schwarz
nicht mehr mit dem d-Bauer schlagen und muss nach} bxc6 10. f4 Be7 11. Nc3 O-O
12. Bd2 Rb8 13. b3 $14 {mit gewißen Schwierigkeiten rechnen.}) 8... g6 (8...
Nc6 9. Nxc6 (9. Be3 Nxd4 10. Bxd4 e5 11. Be3 Ng4 12. Nc3 Nxe3 13. Qxe3 Qc5 14.
Qxc5 dxc5 15. Nd5 Bd6 $11) 9... bxc6 10. Nc3 $14) 9. Kh1 {Eine Prophylaxe, die
früher oder später sowieso notwendig ist.} Bg7 10. Nc3 O-O 11. Nf3 $5 {Eine
sehr interessante Idee, die zwar mit einem großem Zeitverlust verbunden ist,
aber trotzdem gute Perspektiven für Weiß anbietet.} Nc6 12. Qe1 $1 Nb4 {
Schwarz muss dynamisch spielen, denn langsame Abspiele bringen ihn in Gefahr
am Königsflügel.} (12... e5 13. fxe5 dxe5 (13... Nxe5 14. Nxe5 dxe5 15. Bg5 Nh5
16. Nd5 Qb8 $8 17. Be2 Nf4 18. Nxf4 exf4 19. Bxf4 $16) 14. Qh4 Be6 15. Ng5 h5
16. Nxe6 fxe6 17. Bg5 Nd7 18. Be3 $16) (12... d5 $5 {Das ist vielleicht das
beste - man nutzt die Tatsache aus, daß Weiß einiges an der Zeit verloren hat.}
13. e5 (13. exd5 Nxd5 14. Nxd5 exd5 $11) 13... Nd7 14. Be3 f6 15. exf6 Bxf6 16.
Ng5 Bxg5 17. fxg5 d4 18. Bd2 $1 $14) 13. Qh4 Qa5 {/\Dh5} 14. e5 $1 $36 {
Macieja - Trygstad (Saint Vincent, 2005)}) 7. c4 {Nun verliert Weiß keine Zeit
für De2.} g6 (7... Nc6 8. Nxc6 bxc6 9. Nc3 Be7 10. Be3 O-O 11. f4 $14) (7...
Nbd7 8. Nc3 b6 9. Be3 Bb7 10. f4 $14) 8. Nc3 Bg7 9. Be3 (9. Nf3 $5 {ist auch
gut spielbar, mit der Idee, Druck auf der d-Linie auszuüben} Nc6 (9... O-O 10.
h3 Nc6 11. Bf4 $16 {Jetzt sieht man schon, warum es für Schwarz gut ist, Züge
6....Dc7.7.De2 einzuschliessen - der Bauer d6 könnte nicht so früh angegriffen
werden (es droht Le2-Dd2-Tad1) und Schwarz hätte die Möglichkeit, den Springer
als Blockade nach e5 zu stellen. Jetzt geht die weiße Dame sofort nach d2 und
das erhöht die Risiken der schwarzen Stellung sehr.}) 10. h3 Nd7 11. Bg5 $1 (
11. Bf4 Nde5 $14) 11... Qc7 12. Rc1 $1 Nce5 (12... O-O 13. Qd2 Nde5 (13... Nc5
14. Bb1 b6 15. Rfd1 $16) 14. Nxe5 Nxe5 {führt nur zum Zugumstellung}) 13. Nxe5
Nxe5 14. Qd2 {Da sieht man zum zweiten Mal die Folgen des Fehlers von Schwarz
im 6.Zug - die Dame kommt auf das Feld d2 in einen Zug, ohne Umweg über e2.}
O-O (14... Bd7 15. Be2 Bc6 16. Nd5 $1 exd5 17. cxd5 O-O 18. dxc6 bxc6 (18...
Nxc6 19. Bc4 $16) 19. f4 Nd7 20. Be7 Rfe8 21. Qxd6 (21. Bxd6 Qb6+ 22. Kh2 Rxe4
$13) 21... Qa7+ (21... Qxd6 22. Bxd6 Rxe4 23. Bf3 $18) 22. Kh2 Nb6 23. Bg5 Rxe4
24. Bg4 $16) (14... Nxc4 $2 15. Bxc4 Qxc4 16. Qxd6 f6 17. Nd5 $18) 15. Rfd1 {
Der Bauer auf d6 ist nun sehr schwer zu verteidigen.} Re8 (15... Nxd3 16. Qxd3
Be5 17. f4 Qb6+ 18. Kh1 Bg7 19. Be7 Re8 20. Bxd6 Qxb2 21. Na4 Qf2 (21... Qxa2
22. Nb6 Ra7 23. Bb8 $18) 22. Rc2 Qa7 23. c5 Bd7 24. Nb6 $18) (15... Nxc4 16.
Bxc4 Qxc4 17. Nd5 $1 exd5 (17... Qxe4 18. Nb6 Rb8 19. Qxd6 Be5 20. Qe7 $18) (
17... Qxa2 18. Nb6 Rb8 19. Qxd6 $18) 18. Rxc4 dxc4 19. Bh6 Bxh6 20. Qxh6 Rd8
21. Qf4 Be6 22. Rxd6 Rxd6 23. Qxd6 $16) 16. Bf1 Bf8 17. Bh6 $1 $16 {Das weiße
Spiel läuft ideal, während Schwarz nicht mal Entwicklung beenden kann. Motylev
- Siebrecht (Saint Vincent, 2005)}) 9... O-O 10. Rc1 Nbd7 {in der Igelstruktur
gehört der Springer normalerweise je nach d7, hier kann er sich aber auch aus
taktischer Sicht nicht nach c6 entwickeln:} (10... Nc6 11. Nxc6 $1 bxc6 12. c5
d5 (12... dxc5 13. Bxc5 Re8 14. Qa4 Nd7 (14... Qxd3 15. Rfd1 $18) 15. Be3 Ne5
16. Be2 $16) 13. e5 Nd7 14. f4 Rb8 (14... f6 15. Qa4 Qc7 16. exf6 Bxf6 17. Bd4
$14) 15. Ne2 Rxb2 16. Nd4 Qc7 17. Qa4 $44) 11. Qd2 Qc7 12. f3 b6 13. Rfd1 Bb7
14. Bf1 $14 {Auf dem Brett ist der ganz typische Igel entstanden, nur mit dem
Unterschied, dass Schwarz hier den Läufer auf g7 und nicht auf e7 hat. Dies
ändert an dem weißen Plan nicht viel - Weiß spielt am Damenflügel mittels
Qf2-a3-b4-Na4 und versucht irgendwo den Vorstoß c5 durchzuführen.} Rfc8 15. b4
Bf8 16. a3 Rab8 17. Kh1 Qd8 18. Qf2 Ne5 19. Na4 Nfd7 20. Nb3 Ba8 21. Nb2 Rc7
22. Na4 Rcc8 23. Bd4 Rc6 24. c5 bxc5 25. Naxc5 Nxc5 26. Nxc5 Qc8 27. Qe3 Bb7
28. Bxe5 dxe5 29. Nd7 Rxc1 30. Qxc1 Ra8 31. Nb6 Qxc1 32. Rxc1 Rd8 1-0

[Event "Corus"]
[Site "Wijk aan Zee"]
[Date "2006.01.19"]
[Round "5"]
[White "Ivanchuk, Vassily"]
[Black "Kamsky, Gata"]
[Result "1-0"]
[WhiteElo "2729"]
[BlackElo "2686"]
[Annotator "Kritz,L"]
[PlyCount "107"]
[EventDate "2006.01.14"]
[EventType "tourn"]
[EventRounds "13"]
[EventCountry "NED"]
[EventCategory "19"]
[SourceTitle "CBM 111"]
[Source "ChessBase"]
[SourceDate "2006.04.04"]
[SourceVersion "1"]
[SourceVersionDate "2006.04.04"]
[SourceQuality "1"]

1. e4 c5 2. Nf3 e6 3. d4 cxd4 4. Nxd4 a6 {Das ist eine der ganz populären
Varianten, so spielen heutzutage viele Spitzenspieler.} 5. Bd3 Bc5 6. Nb3 Ba7 (
6... Be7 {ist die andere Hauptvariante:} 7. Qg4 g6 (7... Nf6 8. Qxg7 Rg8 9. Qh6
Rxg2 10. Qh3 Rg8 11. Nc3 $14 {/\Le3/Lf4 - 0-0-0}) 8. Qe2 d6 9. Nc3 (9. c4 $5
Qc7 10. Nc3 b6 $132) 9... Qc7 10. O-O Nd7 11. Bd2 b6 12. f4 Ngf6 13. Rae1 Bb7
$132) 7. Qe2 (7. Qg4 {ist zuletzt sehr aktuell geworden} Nf6 (7... g6 {Die
schwarzen Felder am Königsflügel sehen nun furchtbar aus.} 8. Qg3 Nc6 9. Nc3 d6
10. h4 Nf6 11. Bh6 $16 {Schwarz wird nun lange Zeit nicht rochieren können,
während Weiß sein Spiel ganz bequim gestalten kann.} Ne5 12. Be2 b5 13. f4 Nc4
14. O-O-O Ne3 15. Rd4 Nfg4 16. Bxg4 Nxg4 17. Qxg4 Bxd4 18. Nxd4 b4 19. Na4 Bd7
20. b3 Bxa4 21. bxa4 Qd7 22. Kb1 Rc8 23. Rd1 Qxa4 24. f5 Ke7 25. fxe6 f6) 8.
Qg3 d6 9. O-O (9. Nc3 $5 {der Plan mit der langen Rochade ist ebenfalls
interesant} Nc6 10. Bg5 h6 11. Bd2 Nh5 (11... Ne5 12. O-O-O g5 13. Be2 b5 14.
f4 gxf4 15. Bxf4 Rg8 16. Qh3 Qe7 17. a3 $14 {Smirin - Arencibia (Khanty
Mansyisk, 2005)}) 12. Qf3 Qh4 13. g3 Ne5 14. Qe2 Qg4 15. O-O-O Qxe2 16. Bxe2
Nf6 17. f4 Neg4 18. Be1 Ke7 $11 {Vallejo Pons - Kamsky (Khanty Mansyisk, 2005)}
) 9... Nc6 10. Nc3 Ne5 11. Be2 O-O (11... b5 12. Bf4 b4 13. Rad1 Qe7 14. Rxd6
$1 Qxd6 (14... Ng6 15. e5 bxc3 16. exf6 gxf6 (16... Nxf4 17. Qxf4 gxf6 18. Rfd1
cxb2 19. Qa4+ Kf8 20. Rd8+ Kg7 21. Qg4+ Kh6 22. R8d3 $18) 17. Bf3 Bb7 18. Na5
Bxf3 19. Qxf3 $16) 15. Bxe5 Qe7 16. Bd6 $16 {Nisipeanu - Korneev (Benidorm,
2005)}) 12. Kh1 b5 13. f4 Nc4 14. e5 Ne8 15. a4 Bd7 16. axb5 axb5 17. Ne4 Bc6
18. Bd3 Bxe4 19. Bxe4 d5 20. Bd3 f5 21. c3 Nc7 {1/2-1/2 Delchev - Korneev 
(Benidorm, 2005)}) (7. O-O Nc6 8. Qg4 $6 Nf6 9. Qxg7 Rg8 10. Qh6 Ne5 $44 {
zum Beispiel:} 11. Nc3 b5 12. Bf4 Neg4 13. Qh4 Nxf2 14. Rxf2 Rg4 15. Qh6 Bxf2+
16. Kxf2 Ng8 $17) 7... d6 (7... Nc6 {wird öfters gespielt} 8. Be3 d6 9. f4 {
Das ist wohl die beste Methode, gegen diese von Schwarz gewählte Variante zu
kämpfen. Man wartet ab mit der Entwicklung des Springers und macht alle
notwendigen Züge.} (9. N1d2 $2 {Dieser Zug mit der Idee der langen Rochade
scheitert an einer unerwarteten Reaktion:} e5 $1 10. f4 {ist hier wohl das
Beste:} (10. Bxa7 Rxa7 11. Nc4 b5 12. Ne3 Nf6 13. O-O-O Be6 $15 {Schwarz hat
einen super Najdorfaufbau erreicht.}) 10... Nf6 11. O-O-O Bg4 12. Nf3 Bxe3+ 13.
Qxe3 exf4 14. Qxf4 Qc7 15. h3 Be6 16. Nbd4 Nxd4 17. Nxd4 O-O $11) (9. Nc3 {
ist auch gut spielbar, dieser Zug hat jedoch den Nachteil, dass Schwarz nach
Zügen b5 und a4 (von der Seite von Weiß) b4 mit Angriff auf den Springer
spielen kann.} Nf6 (9... Nge7 $5 10. O-O O-O 11. f4 b5 12. a4 Bxe3+ (12... b4
13. Nd1 Bxe3+ 14. Nxe3 $14) 13. Qxe3 b4 14. Ne2 $14) 10. O-O b5 11. a4 b4 (
11... Bxe3 {der Versuch die weiße Dame nach e3 zu locken endet traurig} 12.
axb5 $1 Bd4 (12... Bxf2+ 13. Qxf2 Ne5 14. Qd4 Nxd3 15. Qxd3 Bb7 16. Na5 $16)
13. Nd1 Qc7 14. bxc6 Bb6 15. Ne3 O-O (15... Qxc6 16. Nd5 $1 Bd8 17. Na5 Qd7 18.
Nxf6+ Bxf6 19. Nc4 $16) 16. Nc4 Qxc6 17. Nxd6 Qxd6 18. e5 Qb8 19. exf6 gxf6 20.
Qg4+ Kh8 21. Qh4 f5 22. Rfe1 $40) 12. Nd1 Bxe3 13. Nxe3 $14 {Weiß hat ein
leichtes Spiel, denn der schwarze Damenflügel ist sehr geschwächt.}) 9... Qc7 (
9... Nf6 $5 10. Bxa7 Rxa7 11. c4 O-O 12. O-O b6 13. Nc3 Nd7 14. Rad1 $14) 10.
O-O Nf6 11. Bxa7 Rxa7 12. Nc3 b5 13. a4 b4 14. Nd1 a5 15. Ne3 O-O 16. Kh1 Bb7
17. Ng4 Nxg4 18. Qxg4 Raa8 19. Rae1 $14 {Leko - Kasimdzhanov (San Luis, 2005).
1-0 Grischuk,A-Istratescu,A/Khanty Mansiysk 2005/CBM 111_01 (19)}) 8. Be3 {
Weiß führt seinen standarten Plan durch.} Nf6 (8... Bxe3 9. Qxe3 Nf6 10. f4 O-O
11. O-O $14 {Die weiße Dame steht besser auf e3 als auf e2.}) 9. Bxa7 Rxa7 10.
c4 (10. O-O $5 {Das Spiel ohne c4 ist ebenfalls vielversprechend für Weiß.} Nc6
(10... b5 11. a4 $14) 11. f4 O-O 12. Nc3 b5 13. a4 b4 14. Nd1 $14) 10... Nc6
11. Nc3 O-O 12. O-O b6 13. Qe3 Qc7 14. Be2 $14 {Weiß hat den Raumvorteil und
das bequime Spiel auf der d-Linie. Dies reicht zu einem kleinem, aber stabilem
Vorteil.} Qb8 15. Rfd1 Rd8 16. Rd2 e5 17. Rc1 Be6 18. Rcd1 h6 19. h3 Rb7 20.
Bf1 b5 21. cxb5 axb5 22. Nd5 Bxd5 23. exd5 Ne7 24. Na5 Rc7 25. Nc6 Nxc6 26.
dxc6 Rxc6 27. Qxe5 b4 28. Qd4 Qb6 29. Bc4 Qxd4 30. Rxd4 Rb6 31. Bb3 Kf8 32. g4
Ke7 33. Re1+ Kf8 34. Rc1 Rd7 35. Rc8+ Ke7 36. h4 g5 37. Rh8 Rd8 38. Rxh6 Rg8
39. f3 gxh4 40. Rxh4 d5 41. Kf2 Rbb8 42. Ke3 Kd6 43. Rh6 Rbe8+ 44. Kf4 Kc5 45.
Rd2 Rg6 46. Rh1 Reg8 47. Rc1+ Kd6 48. Rdc2 Rd8 49. Rc7 Rd7 50. R1c6+ Ke7 51.
Bc2 d4 52. Rxd7+ Kxd7 53. Bxg6 Kxc6 54. Bxf7 1-0

[Event "Corus"]
[Site "Wijk aan Zee"]
[Date "2006.01.21"]
[Round "7"]
[White "Leko, Peter"]
[Black "Kamsky, Gata"]
[Result "1-0"]
[WhiteElo "2740"]
[BlackElo "2686"]
[Annotator "Marin,M"]
[PlyCount "92"]
[EventDate "2006.01.14"]
[EventType "tourn"]
[EventRounds "13"]
[EventCountry "NED"]
[EventCategory "19"]
[SourceTitle "CBM 111"]
[Source "ChessBase"]
[SourceDate "2006.04.04"]
[SourceVersion "1"]
[SourceVersionDate "2006.04.04"]
[SourceQuality "1"]

1. e4 e5 2. Nf3 Nc6 3. Bb5 a6 4. Ba4 Nf6 5. O-O Be7 6. Re1 b5 7. Bb3 d6 8. c3
O-O 9. h3 Na5 10. Bc2 c5 11. d4 Qc7 12. Nbd2 Bd7 {Black's play in this
variation is aimed to ensure maximum of flexibility to his pieces. He refrains
from threatening a pawn break in the centre and restricts himself to
developing pieces on natural squares.} 13. Nf1 Rac8 14. Ne3 cxd4 15. cxd4 Nc6
16. d5 $5 {The simplest solution to the pressure set up by Black against the
white centre.} (16. Bb3 Na5 17. Nd5 Nxd5 18. Bxd5 {is very slightly better for
White, but Black's position is quite solid.}) (16. a3 {can be strongly met by}
Nxd4 17. Nxd4 exd4 18. Qxd4 d5 {[%csl Rc2][%cal Ye7c5,Yc5e3] with excellent
counterplay for Black.}) 16... Nb4 {The next long sequence of moves is quite
natural.} 17. Bb1 a5 18. a3 Na6 19. b4 axb4 20. axb4 Qb7 21. Bd2 Bd8 {The
thematic acivation of the passive bishop via b6.} ({The main alternative is} 
21... g6 {Leko,P (2746)-Short,N (2686) Budapest Hunguest Hotels 2003 (2) 1/2
when Black generally keeps his bishop "home" in order to cover the dark
squares around his king. In fact, Leko had some experience with it, see}) 22.
Bd3 Bb6 23. Nc2 {This is a move that aims to keep both wings under pressure.
It prepares the attack against the relatively weak b5-pawn with Na3 and it
opens the diagonal of the d2-bishop to the king side.} ({The immediate
initiation of a king side attack is relatively easily parried with} 23. Nh4 g6
24. Qf3 Bd8 {. In the long run, if Black will manage to carry out the thematic
break ...f5 in spite of the concentration of white pieces, his position could
become very promissing.} 25. g3 Kg7 ({In an older game, Cladouras preferred} 
25... Kh8 {and it is hard to guess why he changed his mind many years later:}
26. Kh2 Ng8 27. Nhg2 Nc7 28. g4 Ne8 29. Qe2 Ng7 30. Rg1 Be7 31. Ra5 Ra8 32. Rb1
f5 $132 {1-0 Sax,G (2600)-Cladouras,P (2370)/Germany 1992/GER-chT2 (59)}) 26.
Kh2 Ng8 27. Nhg2 Nc7 28. h4 (28. g4 $5 $14) 28... Ne8 (28... f5 $5 29. exf5 Ne7
30. g4 Ncxd5 $132) 29. Ra3 Bb6 30. h5 Nc7 31. Nh4 Ra8 32. Rxa8 Qxa8 33. Bf1 {
[%cal Yf1h3]} Qc8 34. Rc1 f6 $2 (34... f5) {1/2-1/2 Klovans,J (2465)-Cladouras,
P (2335)/Hamburg 1999/EXT 2001 (49)} 35. Bxb5 $3 Bxb5 36. hxg6 hxg6 37. Nef5+
$18) ({The other way of redirecting the e3-knight, namely} 23. Qe2 Nc7 24. Nd1
{is more time consuming than Leko's plan, allowing Black to regroup, too:} Ra8
25. Rb1 Kh8 26. Nc3 Ng8 {Now, there is no scope for the d2-bishop on the king
side, while the concentration of forces on the queen side offers White very
little.} 27. Rec1 Rae8 28. Kh1 Bd4 29. Be3 Bxe3 30. Qxe3 f6 31. Nd2 Ne7 32. Nb3
f5 33. Na5 Qb8 34. f3 f4 35. Qf2 Rf6 36. Ra1 {1/2-1/2 Hansen,C (2613)-Hansen,L
(2562)/Esbjerg 2000/CBM 078}) 23... h6 $6 {This mechanic way of preventing Bg5
weakens the king side in chronic way.} (23... Rfe8 24. Nh2 g6 25. Qf3 Nxe4 {
1-0 Anand,V (2610)-Milos,G (2540)/Novi Sad 1990/TD} 26. Qxe4 $1 f5 27. Qh4 e4 (
27... Bd8 28. Qg3 e4 29. Qxd6 exd3 30. Bh6 $18) 28. Qf6 Bd8 29. Qxd6 exd3 30.
Bh6 $18 {Anand}) ({The most efficient plan seems to be} 23... Kh8 {[%cal Yf6g8,
Yg7g6,Yf7f5] preparing the usual king side counterplay.} 24. Nh2 Nc7 25. g4 Ng8
26. Qf3 g6 27. Kh1 Ne8 28. Nf1 Ng7 29. Ng3 f5 $1 $17 {[%csl Yc2] 0-1 Leib,A 
(2180)-Cladouras,P (2390)/Geneve 1997/EXT 98 (33)}) 24. Nh4 $1 $146 {As a
consequence of Black's previous move, the f5-square became irremediably weak,
allowing White to obtain a strong attack.} ({Queen side play alone does not
offer Black too much:} 24. Na3 Nc7 25. Qe2 Ra8 26. Bc3 $6 Nh5 $1 27. Bd2 Ng3
28. Qd1 f5 $19 {0-1 Cerniauskas,P-Hegoburu,P/ARG-ch H corr 1993/Corr 2000 (35)}
) 24... Nh7 25. Qf3 Ng5 26. Qg3 Nc7 27. Ne3 $1 {Given the favourable
circumstances, the knight returns to the king side.} Ra8 28. Nef5 $16 {White
has a very powerful attack. Black cannot defend his d6-pawn and the king's
position at the same time.} Rxa1 29. Ne7+ Kh8 30. Rxa1 Nh7 31. Qf3 Nf6 32. Bxh6
Ra8 33. Rf1 Nce8 34. Bc1 Ra1 35. Nhf5 Qc7 36. Bd2 Rxf1+ 37. Kxf1 g6 38. Ne3 Kg7
39. g4 Nh7 40. Kg2 Qb7 41. Nc4 g5 42. Na5 Qa8 43. Nf5+ Kf8 44. h4 Bd8 45. Nh6
f6 46. hxg5 f5 1-0